Dinastie europee - Romanov - Statistics

Statistiche generali
  • Questo quiz è stato fatto 56 volte
  • Il punteggio medio è 12 su 18
Statistiche sulle risposte
Titolo Anni Nome Eventuale epiteto % Corretto
1825-1855 Nicola I
93%
1894-1917 Nicola II Portatore della Passione
93%
1725-1727 Caterina I
88%
1762-1796 Caterina II La Grande
88%
Imperatore e Autocrate di Tutte le Russie 1682-1725 Pietro I Il Grande
85%
1727-1730 Pietro II
85%
1762 Pietro III
85%
1740-1741 Ivan VI
83%
1801-1825 Alessandro I Il Beato
80%
1855-1881 Alessandro II
80%
1881-1894 Alessandro III
80%
1796-1801 Paolo
46%
1730-1740 Anna
41%
Zar di Tutte le Russie 1613-1645 Michele I
41%
1645-1676 Alessio
34%
1741-1762 Elisabetta
34%
1825 Costantino
27%
1676-1682 Fedor III
22%
Nessun quiz corrispondente trovato
Distribuzione punteggi
Percentuale di utenti per punteggio
Percentile per numero di risposta
I tuoi punteggi nel tempo
Non hai fatto questo quiz